000 02037cam a22005654i 4500
003 PE-LiUPU
005 20250731180055.0
008 090522s2007 gw rb eng d
020 _a3642071449
020 _a9783642071447
035 _a(Sirsi) i9783642071447
040 _aPE-LiUPU
_bspa
_cPE-LiUPU
_erda
049 _aPRUA
082 0 4 _a519.4
_bI61
_220
100 1 _aSivanandam, S. N,
_eautor.
245 1 0 _aIntroduction to fuzzy logic using MATLAB /
_cS.N. Sivanandam, S. Sumathi, S.N. Deepa.
264 _aBerlin :
_bSpringer,
_c2010.
300 _axiv, 430 páginas :
_bilustraciones ;
_c23 centímetros.
336 _atext
_2rdacontent
337 _aunmediated
_2rdamedia
338 _avolume
_2rdacarrier
504 _aBibliografía : páginas 419-430.
505 _aIntroduction -- Classical sets and fuzzy sets -- Classical and fuzzy relations -- Membership functions -- Defuzzification -- Fuzzy Rule-based system -- Fuzzy decision making -- Aplications of fuzzy logic -- Fuzzy logic proyects with matlab.
526 _aSEG44
526 _aSEG26
526 _aP159
526 _aP155
526 _aP154
526 _aP153
526 _aP150
526 _aP100
526 _aP31
526 _aP30
526 _aP26
526 _aP25
526 _aP24
526 _aP22
526 _aP15
526 _aP10
541 _g001-003070;
650 1 7 _aLógica difusa.
700 1 2 _aDeepa, S. N,
_eautor.
700 1 2 _aSumathi, S,
_eautor.
910 _jck
_bhop
_chop
_d20160523
942 _2ddc
_cBOOK
949 _a519.4 I61
_wDEWEY
_c1
_i73170
_d2016-6-20
_e2016-6-15
_lCCODEBUL1
_mBUL
_n2
_p158.44
_r0
_sY
_tBOOK
_u2016-5-23
_xINGENIERIA
_PP27
_0COMPRA
_o.STAFF. Colección General
994 _aC0
_bPEPRU
596 _a1
999 _a519.4 I61
_wDEWEY
_c9470
_i73170
_d9470
_e2016-6-15
_f2021-11-9
_g7
_lCCODEBUL1
_mBUL
_n2
_p158.44
_q1
_r0
_sY
_tBOOK
_u2016-5-23
_xINGENIERIA
_PP27
_0COMPRA
_o.STAFF. Colección General
980 _81
_gALBERTO SANCHEZ Responsable de Automatización